00656nam a2200181 i 450000100060000000300090000600500170001500700030003200800410003510000300007624500930010626000300019930000300022970000400025985200320029999900170033195201260034896810ES-MaACL20230906181959.0t|050701s1962 sp ||||1| spa d1 aMandell, Milton M.97595110aSelección de vendedores / cMilton M. Mandell ; [traducción de Rosalía Vázquez]. aMadrid : bRialp, c1962. a190 p. : bil. ; c24 cm.1 aVázquez Tomás, Rosalia.9146004 aES-MaACLjC-21848 bR.50314 c96810d96810 00104070aATENEOMbATENEOMcGaleríad2008-01-17eSCl0oC-21848p1101071r2023-02-23 00:00:00w2023-02-23yMONOGRAFIA